Adresář knihoven a informačních institucí

Gespeichert in:
Bibliographische Detailangaben
Format: Buch
Sprache:Tschechisch
Veröffentlicht: Praha SKPP Národní knihovna 1991
Ausgabe:1. vyd.
Tags: Tag hinzufügen
Keine Tags, Fügen Sie das erste Tag hinzu!

MARC

LEADER 00000nam a2200000 4500
001 c027751
005 20250618072114.7
041 0 |a cze 
044 |a CZ 
245 1 0 |a Adresář knihoven a informačních institucí 
250 |a 1. vyd. 
264 1 |a Praha  |b SKPP Národní knihovna  |c 1991 
300 |a 2 zv.